000 00745nam a22002177a 4500
003 OSt
008 260123b |||||||| |||| 00| 0 eng d
020 _a9789391063672
082 _a664.94
_bB13F
100 _aBadapanda, Krishna Chandra.
245 _aFish Processing and Preservation Technology /
_cby Krishna Chandra Badapanda; Volume: IV
250 _a2nd revised and enlarged ed.
260 _a.- Delhi
_b: Narendra Publishing House
_c, 2022
300 _axix,406p.
440 _aBasics of Fisheries Sciences (A Complete Book on Fisheries)
650 _aTechnology (Applied Sciences)
650 _aChemical Engineering and Related Technologies
650 _aFish Processing
650 _aPreservation Technology
942 _2ddc
_cBK
999 _c49865
_d49865